| 000 | 00493nam a2200121Ia 4500 | ||
|---|---|---|---|
| 008 | 160712s9999 xx 000 0 und d | ||
| 100 | _aSan Juan, Epifanio Jr. | ||
| 245 |
_cEpifanio San Juan, Jr. _aPanitikan, Ideolohiya, Rebolusyon: Edukasyon at Pedagohiya sa Pagbasa ng Nobelang Desaparasidos ni Lualhati Bautista |
||
| 260 |
_c2015 _bDaluyan: Journal ng Wikang Filipino |
||
| 300 | _a no. 2 | ||
| 650 | _xFILIPINO | ||
| 856 | _uhttp://journals.upd.edu.ph/index.php/djwf/issue/view/473/showToc | ||
| 999 |
_c297018 _d297018 |
||